Clinical Examination (Record no. 888)

MARC details
000 -LEADER
fixed length control field 00920cam a22003258a 4500
001 - CONTROL NUMBER
control field 14974876
003 - CONTROL NUMBER IDENTIFIER
control field OSt
005 - DATE AND TIME OF LATEST TRANSACTION
control field 20170207153418.0
008 - FIXED-LENGTH DATA ELEMENTS--GENERAL INFORMATION
fixed length control field 070820s2008 stk 001 0 eng
010 ## - LIBRARY OF CONGRESS CONTROL NUMBER
LC control number 2007034669
020 ## - INTERNATIONAL STANDARD BOOK NUMBER
International Standard Book Number 9780723434542
035 ## - SYSTEM CONTROL NUMBER
System control number (DNLM)101314538
040 ## - CATALOGING SOURCE
Original cataloging agency DNLM/DLC
Transcribing agency DLC
Modifying agency DLC
042 ## - AUTHENTICATION CODE
Authentication code pcc
050 00 - LIBRARY OF CONGRESS CALL NUMBER
Classification number RC76
Item number .C6255 2008
060 10 - NATIONAL LIBRARY OF MEDICINE CALL NUMBER
Classification number WB 200
Item number C64046 2008
082 00 - DEWEY DECIMAL CLASSIFICATION NUMBER
Classification number WB 100 C611o 2008
Edition number 22
100 ## - MAIN ENTRY--PERSONAL NAME
Personal name Owen, Epstein; [et... al]
9 (RLIN) 11499
245 00 - TITLE STATEMENT
Title Clinical Examination
250 ## - EDITION STATEMENT
Edition statement 4th ed.
260 ## - PUBLICATION, DISTRIBUTION, ETC. (IMPRINT)
Place of publication, distribution, etc. Edinburgh ;
Date of publication, distribution, etc. 2008.
263 ## - PROJECTED PUBLICATION DATE
Projected publication date 0809
300 ## - PHYSICAL DESCRIPTION
Extent x,439p. ;
Dimensions 29cm.
Other physical details col.ill
504 ## - BIBLIOGRAPHY, ETC. NOTE
Bibliography, etc Includes index.
650 #0 - SUBJECT ADDED ENTRY--TOPICAL TERM
Topical term or geographic name as entry element Medical MCQs
9 (RLIN) 2390
650 12 - SUBJECT ADDED ENTRY--TOPICAL TERM
Topical term or geographic name as entry element Physical Examination
9 (RLIN) 2398
856 41 - ELECTRONIC LOCATION AND ACCESS
Materials specified Table of contents only
Uniform Resource Identifier http://www.loc.gov/catdir/toc/ecip0725/2007034669.html
906 ## - LOCAL DATA ELEMENT F, LDF (RLIN)
a 7
b rix
c orignew
d 1
e ecip
f 20
g y-gencatlg
942 ## - ADDED ENTRY ELEMENTS (KOHA)
Source of classification or shelving scheme Other/Generic Classification Scheme
Koha item type Short Loan
Holdings
Withdrawn status Lost status Source of classification or shelving scheme Damaged status Not for loan Home library Current library Date acquired Source of acquisition Inventory number Total Checkouts Full call number Barcode Date last seen Koha item type
    Other/Generic Classification Scheme     MUST Main Library MUST Main Library 14/01/2015   10/32493   WB 100 C611o 2008 2015-0096 14/01/2015 Short Loan
    Other/Generic Classification Scheme     MUST Main Library MUST Main Library 14/01/2015   10/32325   WB 100 C611o 2008 2015-0097 14/01/2015 Short Loan